000 01772cam a2200445Ka 4500
001 ocn868831132
003 OCoLC
005 20200320201015.0
008 140122r20092005nyu 000 1 eng d
020 _a9781439157800
_q(pbk.)
020 _a1439157804
_q(pbk.)
020 _c16.00
035 _a(OCoLC)868831132
040 _aSDA
_beng
_cSDA
_dOCLCO
_dT7L
_dOCLCQ
_dOCLCO
_dWACOL
043 _an-us-mn
_an-us-il
049 _aWACL
050 4 _aPS3561.R766
_bM47 2009
082 0 4 _a813/.54
_223
092 _aF
_bKru
100 1 _aKrueger, William Kent.
_964876
245 1 0 _aMercy Falls :
_ba novel /
_cWilliam Kent Krueger.
260 _aNew York :
_bAtria Paperback,
_c2009, ©2005.
300 _a344 pages ;
_c21 cm
336 _atext
337 _aunmediated
338 _avolume
500 _aIncludes excerpt of Tamarack County by William Kent Krueger (p.[345-351]).
500 _aOriginally published in hardcover: New York : Atria, ©2005.
520 _aResponding to a domestic disturbance call on the Ojibwe reservation, Tamarack County sheriff Cork O'Connor barely escapes a sniper attack and stumbles into the investigation of a Chicago businessman's murder.
650 0 _aO'Connor, Cork (Fictitious character)
_vFiction.
_95713933
650 0 _aPrivate investigators
_zMinnesota
_vFiction.
_95713934
650 0 _aBusinessmen
_xCrimes against
_vFiction.
_95713937
651 0 _aMinnesota
_vFiction.
_95674510
651 0 _aChicago (Ill.)
_vFiction.
_95681248
655 7 _aMystery fiction.
_2gsafd
_95922029
942 _cBOOK
_00
948 _a09/26/2016
_zSirsi
994 _aC0
_bWACOL
996 _a134092
_b34301001653056
_cF
_dbk
_ewcl
_fi
_g0
_h16.99
_lBaker & Taylor
_mKru
_p01/08/2020
_q01/08/2020
999 _c294075
_d294075